Dwuliterowe odpowiedzi #1 - Statystyki

Ogólne statystyki
  • Ten quiz został rozwiązany 8 889 razy
  • Średni wynik to 14 z 24
Statystyki odpowiedzi
Wskazówka Odpowiedź % Poprawnych
Sportowy przedmiot szkolny WF
98%
Około 3,14 Pi
95%
Domek dla pszczół Ul
88%
Przed czasem lub __ czasie Po
82%
W porządku, dobrze OK
81%
Druga osoba liczby pojedynczej Ty
81%
Nazwa litery Q Ku
80%
Powtarzane przez Mikołaja Ho
75%
Dźwięk bezpośrednio wyżej od Sol La
72%
Dawny partner Ex
71%
Karta do gry As
68%
Symbol Sodu Na
61%
Rejestracja Wrocławia DW
58%
Miara kwasowości pH
57%
Egipski bóg słońca Ra
57%
Jednostka powierzchni Ar
52%
Powieść Stephena Kinga To
48%
Sojusz Niemiec, Włoch i Japonii
46%
Powtarzane medytując Om
39%
Prąd przemienny AC
22%
Księżyc Jowisza Io
17%
Chińska gra strategiczna Go
12%
Jeden z elementów psychiki Id
9%
Chińska energia życiowa Qi
7%
Nie znaleziono quizów pasujących do podanych kryteriów
Rozkład punktacji
Procent ludzi z każdym wynikiem
Percentyl według liczby udzielonych odpowiedzi
Twoja historia wyników
Nie rozwiązałeś tego quizu